[Event "2nd Stars Cup 2017"]
[Site "Anzali"]
[Date "2017.07.14"]
[Round "3"]
[White "Mosadeghpour, Masoud"]
[Black "Safarli, Eltaj"]
[Result "1-0"]
[WhiteElo "2469"]
[BlackElo "2641"]
[Annotator "TA"]
[PlyCount "94"]
[EventDate "2017.??.??"]
[EventType "schev"]
[EventCountry "IRI"]
[SourceTitle "playchess.com"]
[Source "ChessBase"]
[SourceQuality "1"]

{[%evp 19,94,32,46,54,44,52,70,53,73,63,59,54,61,70,60,64,73,27,83,72,86,71,105,65,73,58,180,154,169,160,153,146,183,180,182,168,199,180,201,202,201,203,458,450,453,460,420,460,454,414,435,432,683,691,639,535,598,509,748,556,572,542,652,652,652,631,542,441,611,548,6107,6107,29971,11761,29971,29974,5202]} 1. e4 c5 2. Nf3 {[%cal Bg1f3,Bf3d4,Bd4b5,Bb5d6,Bd6f5][%mdl 32]} Nc6 3. d4 cxd4 4. Nxd4 Nf6 5. Nc3 e6 6. Ndb5 Bc5 7. Nd6+ {B45: Sicilian Four Knights} Ke7 8. Bf4 e5 9. Nf5+ Kf8 10. Bg5 Bb4 {LiveBook: 9 Games} 11. Qd3 d5 {Hoping for ...d4.} 12. O-O-O {[%cal Rc3d5]} ({Don't play} 12. exd5 Bxf5 13. Qxf5 Qxd5 $15) 12... Bxf5 13. Bxf6 {[#]} gxf6 $146 ({Predecessor:} 13... Qxf6 14. Nxd5 Qg5+ {0-1 (43) Berescu,A (2481)-Safarli,E (2628) Aix les Bains 2011}) 14. Nxd5 {aiming for Qe3.} Bg6 15. Nxb4 {Black must now prevent Qh3.} Qxd3 16. Nxd3 Bxe4 17. Nc5 Bg6 18. Bd3 Nd8 (18... Rg8 $1 $11 {remains equal.}) 19. Ne4 Ke7 20. Nc3 Kf8 21. Nd5 Kg7 22. h4 e4 ({Black should try} 22... Nc6 $14) 23. Be2 h5 24. Nf4 b6 25. Rd6 $36 {[%mdl 2048] White is really pushing.} Nb7 26. Rd5 f5 27. b4 Nd8 {[#]} 28. Rd7 $1 Kf6 {[#]} 29. Rhd1 $1 Ne6 30. R1d6 Rae8 $2 (30... Rhd8) 31. Rxa7 $18 Ke5 32. Rxb6 (32. Rd5+ Kf6 $18) 32... Nxf4 33. Ra5+ Nd5 34. c4 Rd8 35. Rbb5 ({Not} 35. cxd5 Rxd5 36. g3 Rhd8 $18) 35... Kd4 (35... Ke6 $142 36. Rxd5 Rxd5 37. Rxd5 Ra8) 36. Rxd5+ Rxd5 37. Rxd5+ {[%mdl 4096] Endgame KRB-KRB} ({Weaker is} 37. cxd5 f4 $18) 37... Kc3 38. b5 {[%cal Bb4b5,Bb5b6][%mdl 32]} f4 39. b6 e3 40. fxe3 fxe3 41. Rb5 Be4 42. b7 Rb8 43. Rb3+ Kd4 44. Bf3 Bxf3 45. gxf3 {[%cal Bg2f3,Bf3f4][%mdl 32]} Kxc4 46. Kd1 f5 47. f4 Kd5 {Precision: White = 88%, Black = 44%.} 1-0

[Event "2nd Stars Cup 2017"]
[Site "Anzali"]
[Date "2017.07.15"]
[Round "4"]
[White "Shirov, Alexei"]
[Black "Firouzja, Alireza"]
[Result "1/2-1/2"]
[WhiteElo "2656"]
[BlackElo "2499"]
[Annotator "TA"]
[PlyCount "123"]
[EventDate "2017.??.??"]
[EventType "schev"]
[EventCountry "IRI"]
[SourceTitle "playchess.com"]
[Source "ChessBase"]
[SourceQuality "1"]

{[%evp 36,123,0,0,0,0,0,0,0,0,0,0,0,0,3,3,3,13,12,-6,-6,-10,-10,-10,-10,-11,0,0,0,0,0,0,0,0,36,22,22,20,20,0,89,0,33,0,97,0,36,14,17,17,27,32,135,135,135,135,135,135,135,135,135,148,156,0,0,0,149,31,36,8,8,2,29,29,36,8,8,8,8,8,8,0,8,8,8,8,8,8,8,8]} 1. e4 e5 2. Nf3 Nc6 3. Bb5 a6 4. Ba4 Nf6 5. O-O Be7 6. Re1 b5 7. Bb3 d6 8. c3 O-O 9. h3 Re8 10. d4 Bb7 11. Nbd2 Bf8 12. a4 h6 13. Bc2 exd4 14. cxd4 Nb4 15. Bb1 c5 16. d5 Nd7 {[%cal Bf6d7,Bd7c5,Bc5d3][%mdl 32]} 17. Ra3 f5 {C92: Closed Ruy Lopez: 9...Be6, Karpov and Flohr-Zaitsev Variations} (17... c4 18. axb5 axb5 19. Nd4 Rxa3 20. bxa3 Nd3 21. Bxd3 cxd3 22. Bb2 Nc5 23. Bc3 Qb6 24. Re3 Bc8 25. N4b3 Qa6 26. Bb4 Qa4 27. Qb1 f5 28. exf5 Rxe3 29. fxe3 Bxf5 30. Nd4 Bd7 31. N4f3 Bf5 {½-½ (31) Yu,Y (2750)-Harikrishna,P (2758) Shenzhen 2017}) 18. g4 fxg4 19. hxg4 {[%cal Bh3g4,Bg4g5][%mdl 32] LiveBook: 3 Games} c4 $1 20. Nf1 (20. g5 $5) 20... Nc5 21. g5 $1 Nbd3 22. Bxd3 Nxd3 23. Rxd3 cxd3 24. Qxd3 {[#]} Qd7 $146 ({Predecessor:} 24... Bc8 25. Ng3 {½-½ (42) Oikamo,T (2461)-Percze,J (2541) ICCF email 2011}) 25. gxh6 gxh6 26. Ng3 Qh3 27. e5 Re7 $1 {[%cal Re7g7]} 28. exd6 Rxe1+ $1 29. Nxe1 Qg4 30. Ng2 $1 Bxd6 31. Nf5 Bf8 32. Bxh6 Rc8 33. axb5 {[#] Strongly threatening Bxf8.} axb5 34. f3 Qb4 35. d6 Bxh6 $1 (35... Qxb2 $2 36. d7 $18) 36. Nxh6+ Kg7 37. Nf5+ Kf8 (37... Kf6 $11) 38. Nfe3 (38. Qe3 Qc5 $17) (38. Kh2 $16 {Threatens to win with Qe3.} Qc5 39. d7) 38... Kg7 39. Nf5+ (39. b3 $14) 39... Kf8 $16 40. Nfe3 (40. Qe3 Qc5 $17) (40. d7 $16 Rd8 41. Ngh4 Qc5+ 42. Kg2) 40... Kg7 $14 41. d7 $36 {[%mdl 2048] Black is under pressure.} Rd8 42. Nh4 {White threatens Qg6+ and mate.} Kf6 {And now ...Qe1+ would win.} ({Don't take} 42... Qe1+ $2 43. Kg2 $18) 43. Ng6 {Black must now prevent Qf5+.} Ke6 ({Better is} 43... Qc5 $14) 44. Kf2 ({Worse is} 44. Qf5+ Kd6 $15) 44... Qxb2+ 45. Kg3 Qg7 46. f4 {[%mdl 1024] White has strong compensation.} Kf7 47. Qf5+ Qf6 48. Ne5+ Ke7 49. Ng6+ ({Reject} 49. Qh7+ $6 Kd6 $14) 49... Kf7 $1 {...Qxf5 is the strong threat.} 50. Ne5+ Ke7 $1 {[#]} 51. Qh7+ (51. Qd3 $1 $16 {[%cal Rd3a3]} Rg8+ 52. N3g4) 51... Kd6 52. Qd3+ (52. Qc2 $5 {[%cal Re3f5]}) 52... Kc7 53. Qxb5 {White wants to play Nd5+.} Qg7+ 54. N3g4 {White wants to mate with Qa5+.} Rxd7 $1 55. f5 Rd8 {The position is equal.} 56. f6 Qf8 $1 57. Qa5+ Kc8 58. Qb6 Qd6 59. Qxd6 Rxd6 60. f7 Rd8 61. Ng6 Bd5 62. f8=Q {Precision: White = 56%, Black = 67%.} 1/2-1/2

[Event "2nd Stars Cup 2017"]
[Site "Anzali"]
[Date "2017.07.15"]
[Round "4"]
[White "Bruzon Batista, Lazaro"]
[Black "Mousavi, Seyed Khalil"]
[Result "1-0"]
[WhiteElo "2653"]
[BlackElo "2424"]
[Annotator "RC"]
[PlyCount "77"]
[EventDate "2017.??.??"]
[EventType "schev"]
[EventCountry "IRI"]
[SourceTitle "playchess.com"]
[Source "ChessBase"]
[SourceQuality "1"]
[TimeControl "40/5400+30:1800+30"]

1. d4 {[%emt 0:00:00]} d5 {[%emt 0:01:45]} 2. c4 {[%emt 0:00:00]} e6 {[%emt 0:00:08]} 3. Nf3 {[%emt 0:00:37]} Nf6 {[%emt 0:00:13]} 4. g3 {[%emt 0:01:07]} Be7 {[%emt 0:00:52]} 5. Bg2 {[%emt 0:00:05]} O-O {[%emt 0:00:26]} 6. O-O {[%emt 0:00:05]} dxc4 {[%emt 0:00:44]} 7. Qc2 {[%emt 0:00:06]} b5 {[%emt 0:04:08]} 8. a4 {[%emt 0:00:54]} b4 {[%emt 0:00:08]} 9. Nbd2 {[%emt 0:04:26]} Bb7 {[%emt 0:01:29]} 10. Nxc4 {[%emt 0:00:05]} Be4 {[%emt 0:00:53]} 11. Qb3 {[%emt 0:00:47]} Nbd7 {[%emt 0:02:16]} 12. Rd1 {[%emt 0:12:53]} Bd5 {[%emt 0:11:52]} 13. Nfe5 {[%emt 0:08:30]} Nb6 {[%emt 0:02:35]} 14. Bf4 {[%emt 0:20:52]} Nh5 {[%emt 0:15:00]} 15. e4 {[%emt 0:17:50]} Bxc4 {[%emt 0:01:15]} 16. Nxc4 {[%emt 0:00:08]} Nxf4 {[%emt 0:00:08]} 17. gxf4 {[%emt 0:00:03]} Nxc4 {[%emt 0:10:00]} 18. Qxc4 {[%emt 0:00:02]} c6 {[%emt 0:00:09]} 19. Rac1 {[%emt 0:03:14]} Rc8 {[%emt 0:03:34]} 20. e5 Qb6 21. f5 {[%emt 0:13:56]} exf5 {[%emt 0:11:45]} 22. d5 {[%emt 0:00:05]} Bg5 {[%emt 0:09:18]} 23. Rc2 {[%emt 0:00:03]} Kh8 {[%emt 0:07:17]} 24. dxc6 {[%emt 0:04:18]} Rfd8 {[%emt 0:03:03]} 25. Rxd8+ {[%emt 0:01:46]} Qxd8 {[%emt 0:00:06]} 26. Bf3 {[%emt 0:02:28]} Qc7 {[%emt 0:01:40]} 27. Qxb4 {[%emt 0:01:49]} h6 {[%emt 0:06:44]} 28. Qb7 {[%emt 0:02:14]} Bf4 {[%emt 0:01:08]} 29. Qxc7 {[%emt 0:01:03]} Rxc7 {[%emt 0:00:01]} 30. b4 {[%emt 0:00:23]} Bxe5 {[%emt 0:00:58]} 31. b5 {[%emt 0:00:14]} Rc8 {[%emt 0:01:33]} 32. Rd2 {[%emt 0:01:33]} g5 {[%emt 0:02:54]} 33. Rd7 {[%emt 0:00:46]} g4 {[%emt 0:02:06]} 34. Bd5 {[%emt 0:00:32]} f4 {[%emt 0:00:06]} 35. a5 {[%emt 0:03:22]} g3 {[%emt 0:00:25]} 36. hxg3 {[%emt 0:00:54]} fxg3 {[%emt 0:00:06]} 37. fxg3 {[%emt 0:00:43]} Bc3 {[%emt 0:00:39]} 38. Kg2 {[%emt 0:00:16]} Bxa5 {[%emt 0:00:40]} 39. Rxa7 {[%emt 0:00:04]} 1-0

[Event "2nd Stars Cup 2017"]
[Site "Anzali"]
[Date "2017.07.15"]
[Round "4"]
[White "Safarli, Eltaj"]
[Black "Maghsoodloo, Parham"]
[Result "1/2-1/2"]
[WhiteElo "2641"]
[BlackElo "2584"]
[Annotator "RC"]
[PlyCount "64"]
[EventDate "2017.??.??"]
[EventType "schev"]
[EventCountry "IRI"]
[SourceTitle "playchess.com"]
[Source "ChessBase"]
[SourceQuality "1"]
[TimeControl "40/5400+30:1800+30"]

1. d4 {[%emt 0:00:00]} g6 {[%emt 0:01:55]} 2. e4 {[%emt 0:00:25]} Bg7 {[%emt 0:00:08]} 3. Nc3 {[%emt 0:00:05]} d6 {[%emt 0:00:04]} 4. Bg5 {[%emt 0:00:30]} c6 {[%emt 0:06:46]} 5. Qd2 {[%emt 0:02:36]} Nd7 {[%emt 0:01:11]} 6. f4 {[%emt 0:01:23]} b5 {[%emt 0:02:09]} 7. e5 {[%emt 0:01:36]} f6 {[%emt 0:00:36]} 8. exf6 {[%emt 0:05:17]} Ngxf6 {[%emt 0:01:00]} 9. Bd3 {[%emt 0:00:14]} b4 {[%emt 0:01:51]} 10. Ne4 {[%emt 0:02:02]} Qb6 {[%emt 0:02:52]} 11. Nf3 {[%emt 0:07:38]} Ba6 {[%emt 0:10:11]} 12. Bxf6 {[%emt 0:10:35]} Nxf6 {[%emt 0:00:07]} 13. Neg5 {[%emt 0:01:16]} Bxd3 {[%emt 0:00:32]} 14. Qxd3 {[%emt 0:00:36]} Qb5 {[%emt 0:03:47]} 15. Qe3 {[%emt 0:11:42]} Bh6 {[%emt 0:02:57]} 16. O-O-O {[%emt 0:02:40]} Qf5 {[%emt 0:01:40]} 17. g3 {[%emt 0:02:23]} Nd5 {[%emt 0:00:01]} 18. Qe2 {[%emt 0:02:12]} Bxg5 {[%emt 0:01:40]} 19. Nxg5 {[%emt 0:01:03]} a5 {[%emt 0:02:11]} 20. Rhf1 {[%emt 0:10:07]} h5 {[%emt 0:07:21]} 21. h3 {[%emt 0:03:13]} Kd7 {[%emt 0:01:17]} 22. g4 {[%emt 0:03:06]} hxg4 {[%emt 0:00:18]} 23. hxg4 {[%emt 0:00:02]} Qf6 {[%emt 0:00:09]} 24. Ne4 {[%emt 0:00:38]} Qe6 {[%emt 0:03:47]} 25. Rde1 {[%emt 0:02:49]} Nc7 {[%emt 0:01:54]} 26. Kb1 {[%emt 0:01:08]} Raf8 27. Qd1 {[%emt 0:09:23]} Qc4 {[%emt 0:03:41]} 28. b3 {[%emt 0:02:36]} Qb5 {[%emt 0:07:00]} 29. c4 {[%emt 0:03:28]} bxc3 {[%emt 0:00:18]} 30. Nxc3 {[%emt 0:00:04]} Qb4 {[%emt 0:00:05]} 31. Qd3 {[%emt 0:03:17]} Rh2 {[%emt 0:07:22]} 32. Rc1 {[%emt 0:01:15]} Nb5 {[%emt 0:11:02]} 1/2-1/2

[Event "2nd Stars Cup 2017"]
[Site "Anzali"]
[Date "2017.07.15"]
[Round "4"]
[White "Idani, Pouya"]
[Black "Sokolov, Ivan"]
[Result "1/2-1/2"]
[WhiteElo "2578"]
[BlackElo "2626"]
[Annotator "TA"]
[PlyCount "127"]
[EventDate "2017.??.??"]
[EventType "schev"]
[EventCountry "IRI"]
[SourceTitle "playchess.com"]
[Source "ChessBase"]
[SourceQuality "1"]

{[%evp 21,127,43,33,32,32,16,27,6,29,18,16,0,18,0,0,0,0,-6,-5,-6,0,0,0,0,0,0,0,0,0,0,0,0,0,0,0,0,0,-4,-9,-53,0,0,0,0,0,-197,-136,-192,-191,-107,-108,-110,-88,-209,-205,-134,-26,-231,-231,-231,-231,-231,-231,-231,-243,-466,-237,-939,-939,-885,-847,-598,-400,-725,-393,-1906,-1616,-29960,-29959,-29967,0,0,0,0,0,0,0,0,0,0,0,-19,0,0,0,0,0,0,0,0,0,0,0,0,0,0,0,0]} 1. e4 c6 2. d4 d5 3. Nd2 dxe4 4. Nxe4 Nf6 5. Nxf6+ exf6 6. c3 Bd6 7. Bd3 O-O 8. Qc2 Re8+ 9. Ne2 h6 10. O-O Qc7 {B15: Caro-Kann: 3 Nc3: 3...g6 and 3...dxe4 4 Nxe4 Nf6 5 Nxf6+ exf6} 11. h3 (11. g3 Qa5 12. Re1 Bh3 13. Bd2 Nd7 14. Be4 Nf8 15. Bf4 Be7 16. b4 Qh5 17. Rad1 Be6 18. Bd2 {0-1 (43) Corrales Jimenez,F (2528)-Shimanov,A (2631) Philadelphia 2016}) 11... Nd7 {LiveBook: 8 Games} 12. c4 c5 {White is slightly better.} 13. Be3 a6 $146 ({Predecessor:} 13... cxd4 14. Nxd4 a6 15. Rfe1 Ne5 16. Bf1 Bd7 17. Rac1 Rac8 {0-1 (31) Cubas,J (2474)-Cavalcanti,F (2186) Praia da Pipa 2014}) 14. Rac1 cxd4 15. Nxd4 Nc5 16. Bf5 Bh2+ 17. Kh1 Bf4 18. Bxf4 Qxf4 19. Rcd1 Bxf5 20. Qxf5 Qxf5 21. Nxf5 Re2 22. b4 Ne4 23. Kg1 Rxa2 {White should prevent ...Nd2.} 24. Rfe1 Nd2 25. c5 a5 26. b5 Nb3 27. c6 bxc6 28. bxc6 {[#] aiming for c7.} Rc2 29. Rd7 $132 {[%mdl 2048] Black must now prevent c7. White has counterplay} Nc5 30. Nd6 (30. Nd4 {is more complex.} Rc4 31. Rd6 Kh7 32. Re7 a4 33. c7) 30... Ne6 ({Avoid the trap} 30... Nxd7 $2 31. cxd7 Kh7 32. Re8 $18) (30... Rf8 $1 $15 31. Ra7 Ne6) 31. Rxf7 $11 Rxc6 32. Rxe6 {Threatens to win with Rd7.} Rxd6 $1 33. Rxg7+ $2 (33. Ree7 $1 $11 {and White stays safe.}) 33... Kxg7 $19 34. Rxd6 $11 {[%mdl 4096] Endgame KR-KR} a4 35. Rd2 a3 36. Ra2 f5 {[%cal Bf6f5,Bf5f4][%mdl 32]} 37. Kf1 (37. Kh2 $17) 37... Kf6 $19 38. Ke2 h5 (38... Kg5 $17) 39. g3 $2 (39. Kd3 $11 {and White has nothing to worry.}) 39... Ke5 40. Kd3 {[#]} f4 $1 41. Re2+ Kd5 42. Ra2 Ra7 43. g4 $2 (43. gxf4 Ke6 44. Kc2) 43... h4 44. g5 $2 (44. Kd2 Kc4 45. Kc2) 44... Ke5 45. g6 Kf6 46. Ke4 Ra4+ 47. Kf3 (47. Kd5 $142 f3 48. Kc6) 47... Kxg6 48. Kg4 $2 (48. Ke2) 48... Kf6 49. f3 Ke5 50. Kxh4 Kd4 $2 (50... Kf5 {mates} 51. Kh5 Ra6 52. h4 Ra4 53. Kh6 Ra7 54. h5 Kf6 55. Rg2 a2 56. Rg7 Ra3 57. Rg6+ Ke5 58. Rg1 a1=Q 59. Rxa1 Rxa1 60. Kg7 Ra3 61. h6 Rxf3 62. h7 Rh3 63. h8=N f3 64. Nf7+ Kf4 65. Kg8 f2 66. Kf8 f1=Q 67. Kg7 Qg2+ 68. Kf6 Rh7 69. Ke6 Qc6+ 70. Ke7 Qd5 71. Ke8 Qxf7+ 72. Kd8 Rh8#) 51. Kg4 $11 {The position is equal.} Kc3 52. h4 {[%cal Bh3h4,Bh4h5,Bh5h6,Bh6h7][%mdl 32]} Kb3 53. Ra1 Kb2 54. Re1 a2 55. h5 a1=Q (55... Ra6 {feels hotter.} 56. Kg5 Re6 57. Rh1 Re5+ 58. Kg4 a1=Q) 56. Rxa1 Rxa1 57. Kxf4 {KR-KPP} Kc3 58. h6 Kd4 (58... Rh1 $5 59. Kg5 $8 Kc4 $11) 59. Kf5 Kd5 (59... Ra6 $5 60. Kg5 $8 Ke5 $11) 60. h7 Rh1 61. Kg6 $1 Ke6 62. Kg7 $1 Rg1+ 63. Kf8 $1 Rh1 64. Kg8 {Precision: White = 41%, Black = 70%.} 1/2-1/2

[Event "2nd Stars Cup 2017"]
[Site "Anzali"]
[Date "2017.07.15"]
[Round "4"]
[White "Ghaem Maghami, Ehsan"]
[Black "Wen, Yang"]
[Result "1/2-1/2"]
[WhiteElo "2556"]
[BlackElo "2617"]
[Annotator "TA"]
[PlyCount "74"]
[EventDate "2017.??.??"]
[EventType "schev"]
[EventCountry "IRI"]
[SourceTitle "playchess.com"]
[Source "ChessBase"]
[SourceQuality "1"]

{[%evp 17,74,20,29,7,5,12,16,11,23,22,28,23,47,25,34,25,37,30,37,37,30,19,46,10,22,0,0,0,0,0,4,4,5,7,10,10,108,10,10,9,9,-31,7,5,20,11,45,10,10,9,51,4,13,6,6,4,6,3,5]} 1. e4 e5 2. Nf3 Nc6 3. Bb5 Nf6 4. d3 Bc5 5. c3 O-O 6. O-O {C65: Ruy Lopez: Berlin Defence (3...Nf6), unusual lines and 4 0-0 Bc5} Re8 7. Nbd2 {[%cal Bb1d2,Bd2c4,Bc4a5][%mdl 32]} (7. Bg5 a6 8. Bc4 Be7 9. a4 d6 10. Nbd2 h6 11. Bh4 Nh5 12. Bxe7 Qxe7 13. Re1 Nf4 {½-½ (39) So,W (2810)-Anand,V (2783) Leon 2017}) 7... a6 8. Bxc6 dxc6 9. Nc4 Nd7 {LiveBook: 11 Games} 10. Re1 (10. b4 $5 {[%cal Rb4c5]} Be7 11. a4 $14) 10... Bf8 11. Qc2 $146 ({Predecessor:} 11. d4 exd4 12. cxd4 Nf6 13. Nce5 Be6 {1-0 (45) Alekseev,E (2683)-Godena,M (2526) Eilat 2012}) 11... f6 12. d4 exd4 13. cxd4 Nb6 14. Na5 Rb8 15. Be3 Be6 16. a3 Bd6 17. Nd2 Qd7 18. Ndb3 Qf7 19. Nc5 Bxc5 20. Qxc5 f5 21. d5 cxd5 22. exf5 $1 Bxf5 23. Bf4 Rxe1+ (23... Bb1 $5 24. Be5 Nd7 25. Qxc7 Rec8 $15) 24. Rxe1 Re8 25. Rxe8+ Qxe8 {[%cal Re8e1] [#]} 26. h3 Qe1+ 27. Kh2 Nd7 28. Qxc7 Qxf2 {White must now prevent ...Be4.} 29. Qd8+ Nf8 (29... Kf7 $5 {[%cal Rf2f4]} 30. Qg5 Be4 $11) 30. Qxd5+ Be6 31. Qe5 b6 32. Be3 Qf7 $1 33. Nc6 Qd7 34. Nd4 (34. Nb8 $5 {[%cal Rb8d7]} Qb5 35. Qd6 $16) 34... Bd5 {The position is equal.} 35. Nf5 Ng6 36. Qb8+ Nf8 37. g4 Be6 {Precision: White = 66%, Black = 75%.} 1/2-1/2

[Event "2nd Stars Cup 2017"]
[Site "Anzali"]
[Date "2017.07.15"]
[Round "4"]
[White "Tabatabaei, M amin"]
[Black "Jobava, Baadur"]
[Result "1/2-1/2"]
[WhiteElo "2509"]
[BlackElo "2714"]
[Annotator "TA"]
[PlyCount "71"]
[EventDate "2017.??.??"]
[EventType "schev"]
[EventCountry "IRI"]
[SourceTitle "playchess.com"]
[Source "ChessBase"]
[SourceQuality "1"]

{[%evp 18,71,5,0,0,0,0,0,0,0,16,19,12,17,26,12,23,5,25,20,25,-1,-8,-14,16,13,10,6,20,0,0,0,0,-23,-8,-38,-4,-8,-7,-16,0,0,0,0,0,0,0,0,0,0,0,-63,0,0,0,0]} 1. e4 e5 2. Nf3 Nf6 3. Nxe5 d6 4. Nf3 Nxe4 5. Qe2 Qe7 6. d3 Nf6 7. Bg5 Qxe2+ 8. Bxe2 Be7 9. O-O h6 {C42: Petroff Defence: 3 Nxe5 and unusual White 3rd moves} (9... c6 10. Re1 Nd5 {½-½ (10) Gomez Garrido,C (2504)-Ipatov,A (2625) Panama City 2013}) 10. Bd2 {LiveBook: 3 Games} O-O 11. c4 $146 ({Predecessor:} 11. Nc3 Nc6 12. Ne4 Nxe4 13. dxe4 Bf6 14. c3 Re8 15. Bd3 Bd7 {½-½ (15) Lorenzini,M (2463)-Munoz,F (2279) Rosario 2017}) 11... d5 12. Nc3 Rd8 13. Rfe1 Na6 14. d4 Nb4 15. Rac1 {And now a3 would win.} Be6 16. a3 Nc6 17. c5 a6 18. Bd3 Nh7 19. h3 Ng5 20. Nxg5 Bxg5 (20... hxg5 {seems wilder.} 21. Ne2 Bf6 22. Be3 Re8 23. b4 g4) 21. Bxg5 hxg5 22. Ne2 Re8 23. b4 Bd7 24. Kf1 Kf8 25. Nc3 Nxd4 26. Nxd5 Bc6 27. Rxe8+ Rxe8 28. Bc4 ({Don't play} 28. Nxc7 Rc8 $17) 28... Bxd5 29. Bxd5 $11 {[%mdl 4096] Endgame KRB-KRN} c6 30. Bc4 f6 31. Rd1 Nc2 32. Bb3 Nxa3 33. Rd7 Re7 34. Rd8+ Re8 35. Rd7 {Strongly threatening Rf7+.} Re7 36. Rd8+ {Precision: White = 57%, Black = 54%.} 1/2-1/2

[Event "2nd Stars Cup 2017"]
[Site "Anzali"]
[Date "2017.07.15"]
[Round "4"]
[White "Pourramezanali, Amirreza"]
[Black "Van Wely, Loek"]
[Result "1/2-1/2"]
[WhiteElo "2505"]
[BlackElo "2675"]
[Annotator "TA"]
[PlyCount "83"]
[EventDate "2017.??.??"]
[EventType "schev"]
[EventCountry "IRI"]
[SourceTitle "playchess.com"]
[Source "ChessBase"]
[SourceQuality "1"]

{[%evp 19,83,35,45,56,39,52,42,58,75,48,60,26,23,43,34,0,14,-35,0,0,203,218,198,122,110,50,76,0,0,0,0,-420,0,19,106,72,129,106,216,168,227,227,227,227,227,223,208,208,209,200,236,236,220,213,193,208,198,148,148,148,148,148,155,156,171,68]} 1. e4 c5 2. c3 Nf6 3. e5 Nd5 4. Nf3 Nc6 5. Bc4 Nb6 6. Bb3 c4 7. Bc2 Qc7 {B22: Sicilian: 2 c3} (7... d5 8. exd6 e5 9. O-O Bxd6 10. d3 cxd3 11. Qxd3 Be6 12. Bb3 Qe7 13. Re1 Bxb3 14. axb3 O-O 15. Na3 f5 16. Nc4 Nxc4 17. Qxc4+ {½-½ (41) Adams,M (2740)-Wojtaszek,R (2733) Biel 2015}) 8. O-O Nxe5 9. Nxe5 Qxe5 10. Re1 Qf6 {LiveBook: 4 Games} 11. a4 {[%cal Ba2a4,Ba4a5][%mdl 32]} e6 $146 ({Predecessor:} 11... a5 12. Na3 d5 13. d3 Bd7 14. Be3 Rc8 15. Bd4 Qc6 16. Nb5 Qh6 17. Be3 Qf6 18. Bg5 Qxg5 19. Nd6+ {1-0 (19) Waterfield,J (1982)-Weaver,S England 2013}) 12. d3 cxd3 13. Qxd3 {Hoping for a5.} d5 14. a5 {[%mdl 1024] White has strong compensation.} Bc5 $1 15. Re2 Nd7 16. Ra4 g6 17. Qg3 Qe7 18. Rh4 (18. Bf4 $5 {[%cal Rb2b4]} Nf6 19. Be3 $15) 18... b6 (18... Bd6 $5 {[%cal Rd6g3]} 19. Bf4 Bxf4 20. Rxf4 b6 $15) 19. Bg5 Qd6 $2 (19... f6 $1 $11 {and Black is okay.} 20. Bxg6+ Kd8) 20. Qh3 $1 $18 bxa5 {[#] Threatens to win with ...Ba6.} ({Much worse is} 20... Ba6 $6 21. Re1 $16) 21. Bxg6 $1 {[%mdl 512]} Nf8 $16 {[#]} (21... fxg6 22. Rxe6+) 22. Bd3 ({Stronger than} 22. Bxh7 Ba6 $17) ({White should try} 22. Bc2 $1 $16) 22... Ba6 23. b4 (23. Nd2 $16) 23... axb4 $11 24. cxb4 Bxb4 25. Rb2 $2 {[%mdl 8192]} (25. Nc3 $1 $11 Bxc3 26. Bxa6 Qxa6 27. Qxc3) 25... Bxd3 $2 (25... Qe5 $19 {( -> ...Qe1+)} 26. Bxa6 Qxb2) 26. Rhxb4 Bxb1 (26... Ba6 $11) 27. Rxb1 Nd7 (27... Rg8 $142 28. Bd2 Rc8) 28. Rb7 $36 {[%mdl 2048] Keeping Black busy.} Qe5 (28... Rg8 $16) 29. Qh4 {White is clearly better.} Qe4 {[#]} (29... d4 $142) 30. Qg3 $1 $18 {[%cal Rg3d6] White threatens Qd6 and mate.} Rg8 {...Rd8 is the strong threat.} 31. Qd6 {[%csl Gg5][%cal Rd6e7]} Qxb1+ 32. Rxb1 {[%csl Gg5][%cal Rd6e7]} Rxg5 33. Rb7 Rd8 34. Rxa7 d4 35. Qxd4 Rd5 36. Qa4 Kf8 {Strongly threatening ...Nc5.} 37. h3 {aiming for Qh4.} Ne5 38. Qe4 Ng6 39. g3 h5 40. h4 Kg8 41. Kg2 Rf5 42. Ra8 {Precision: White = 56%, Black = 54%.} (42. Qe2 $18) 1/2-1/2

[Event "2nd Stars Cup 2017"]
[Site "Anzali"]
[Date "2017.07.16"]
[Round "5"]
[White "Jobava, Baadur"]
[Black "Pourramezanali, Amirreza"]
[Result "1/2-1/2"]
[WhiteElo "2714"]
[BlackElo "2505"]
[Annotator "TA"]
[PlyCount "49"]
[EventDate "2017.??.??"]
[EventType "schev"]
[EventCountry "IRI"]
[SourceTitle "playchess.com"]
[Source "ChessBase"]
[SourceQuality "1"]

{[%evp 30,49,0,0,0,0,0,0,0,0,0,0,0,0,0,0,0,0,0,0,0,0]} 1. e4 c5 2. Nf3 d6 3. d4 cxd4 4. Nxd4 Nf6 5. Nc3 g6 6. Be3 Bg7 7. f3 Nc6 8. Qd2 O-O 9. Bc4 Bd7 10. O-O-O Nxd4 11. Bxd4 Rc8 12. Bb3 b5 13. Nd5 Nxd5 14. Bxg7 Kxg7 15. Bxd5 a5 16. h4 {LiveBook: 3 Games. The position is equal. B78: Sicilian Dragon: Yugoslav Attack, 9 Bc4 Bd7 10 0-0-0 Rc8} (16. a3 Qc7 17. Kb1 b4 18. axb4 axb4 19. Bb3 Qa5 20. Qd4+ f6 21. h4 Rc5 22. g4 Ra8 23. Kc1 Ba4 24. Kd2 Bxb3 25. cxb3 Rac8 26. Ke3 Qb6 27. Ke2 Rc2+ 28. Ke3 R8c5 {0-1 (28) Ortiz Suarez,I (2517)-Gashimov,V (2740) Ourense 2009}) 16... e6 17. h5 exd5 18. hxg6 hxg6 {[#] aiming for ...Rh8.} 19. Qh6+ Kf6 20. Qh4+ $146 ({Predecessor:} 20. Rh5 Ke7 21. Rhxd5 Qc7 22. Qd2 Be6 23. Rxd6 Qc5 {0-1 (32) Haarr,J (2209)-Hauge,L (2400) Norway 2015}) 20... Kg7 $1 {White must now prevent ...Qxh4.} 21. Qh6+ Kf6 {Threatens to win with ...Rh8.} 22. Qh4+ $1 Kg7 $1 {[#] ...Qxh4 is the strong threat.} 23. Qh6+ Kf6 {And now ...Rh8 would win.} 24. Qh4+ $1 Kg7 $1 {Hoping for ...Qxh4.} 25. Qh6+ 1/2-1/2